00447nam a2200121Ia 4500008004100000100006900041245008200110260002000192300000800212942000700220999001500227952008300242201231s9999 xx 000 0 und d aChattopadhyay, Manabendu, Maiti, Pradip and Rakshit, Mihir (ed.) 0aPlanning and Economic Policy in India : Evaluation and Lessons for the Future aNew DelhibSAGE a215 cBK c9334d9334 00104070aCLd2020-12-31o338.954 C4957pPM04766r2020-12-31w2020-12-31yBK